David Yates Filmography - Statistics

General Stats
  • This quiz has been taken 8 times
    2 since last reset
  • The average score is 7 of 36
Answer Stats
Type Year Name % Correct
Film Director 2016 Fantastic Beasts and Where to Find Them
100%
Film Director 2018 Fantastic Beasts: The Crimes of Grindelwald
100%
Film Director 2022 Fantastic Beasts: The Secrets of Dumbledore
100%
Film Director 2009 Harry Potter and the Half-Blood Prince
100%
Film Director 2010 Harry Potter and the Deathly Hallows: Part 1
50%
Film Director 2011 Harry Potter and the Deathly Hallows: Part 2
50%
Film Director 2007 Harry Potter and the Order of the Phoenix
50%
Film Director 2016 The Legend of Tarzan
50%
Film Production 2016 The Legend of Tarzan
50%
Film Production TBA Banquet
0%
Film Director TBA Fantastic Beasts and Where to Find Them 4
0%
Short Film Director 1992 Good Looks
0%
Web Special Appearance 2022 Harry Potter 20th Anniversary: Return to Hogwarts
0%
Documentary Series Director 1994 Moving Pictures
0%
Short Film Director 1991 Oranges and Lemons
0%
Film Director 2023 Pain Hustlers
0%
Film Production 2023 Pain Hustlers
0%
Short Film Director 1996 Punch
0%
Short Film Director 2002 Rank
0%
TV Mini-Series Director 2004 Sex Traffic
0%
TV Mini-Series Director 2003 State of Play
0%
TV Show Director 1995 Tale of Three Seaside Towns
0%
TV Show Production 1995 Tale of Three Seaside Towns
0%
TV Show Director 1994-1995 The Bill
0%
TV Film Director 2005 The Girl in the Café
0%
TV Mini-Series Director 2000 The Sins
0%
Film Director 1998 The Tichborne Claimant
0%
TV Mini-Series Director 2001 The Way We Live Now
0%
Short Film Director 1991 The Weaver's Wife
0%
Short Film Screenplay 1991 The Weaver's Wife
0%
TV Film Director 2003 The Young Visiters
0%
TV Show Director 2014 Tyrant
0%
TV Show Production 2014 Tyrant
0%
Short Film Director 1988 When I Was a Girl
0%
Short Film Screenplay 1988 When I Was a Girl
0%
Short Film Production 1988 When I Was a Girl
0%
No matching quizzes found
Score Distribution
Percent of People with Each Score
Percentile by Number Answered
Your Score History
You have not taken this quiz since the last reset